Visualizzazione normale
Vista MARC
- Broadbrige Nigel T.
di Personal Name
Records bibliografici associati: 1
001 - CONTROL NUMBER
- control field: 37300
003 - CONTROL NUMBER IDENTIFIER
- control field: IT-RoPau
005 - DATE AND TIME OF LATEST TRANSACTION
- control field: 20151125163633.0
008 - FIXED-LENGTH DATA ELEMENTS
- fixed length control field: 151125|| aca||aabn | a|a d
040 ## - CATALOGING SOURCE
- Original cataloging agency: IT-RoPau
- Transcribing agency: IT-RoPau
100 ## - HEADING--PERSONAL NAME
- Personal name: Broadbrige Nigel T.
- Relator term: (soggetto)
- Miscellaneous information: Codice Soggetto SPICS: 60179
670 ## - SOURCE DATA FOUND
- Source citation: Work cat.: (IT-RoPau)104721: Kantor Frantz Codice regista SPICS: 60178 37296, FRATELLI IN GUERRA - GIUSEPPE L'INTERPRETE DEI SOGNI FRATELLI IN GUERRA - GIUSEPPE L'INTERPRETE DEI SOGNI (Rif. Codice opera principale : K0457)